| 000 | 00692nam a2200241 i 4500 | ||
|---|---|---|---|
| 001 | 11274 | ||
| 003 | ES-MaACL | ||
| 005 | 20230906150050.0 | ||
| 007 | t| | ||
| 008 | 921217s1992 sp |||| | spa j | ||
| 020 | _a84-7100-405-4 | ||
| 080 | _a946.0(=927)"09" | ||
| 100 | 1 |
_aVallvé, Joaquín. _9112959 |
|
| 245 | 1 | 3 |
_aEl Califato de Córdoba / _cJoaquín Vallvé. |
| 260 |
_aMadrid : _bMAPFRE, _cD.L. 1992. |
||
| 300 |
_a351 p. ; _c23 cm. |
||
| 490 | 1 |
_aAl-Andalus ; _v6 |
|
| 504 | _aBibliografía. Índice. | ||
| 651 | 4 |
_aAl-Andalus- _xHistoria- _y929-1031, Califato de Córdoba. _97611 |
|
| 830 | 0 |
_aAl-Andalus ; _v6 _9178870 |
|
| 852 |
_aES-MaACL _jL-18588 |
||
| 999 |
_c11274 _d11274 |
||